Últimos países de cada letra - Statistics

Estatísticas Gerais
  • Esse quiz foi jogado 220 vezes
    134 desde o último reset
  • A pontuação média é 12 de 23
Estatísticas das Respostas
Letra Resposta % Correto
O Omã
80%
Z Zimbábue
78%
A Azerbaijão
75%
K Kuwait
70%
J Jordânia
61%
Q Quirguistão
61%
U Uzbequistão
61%
B Butão
60%
R Rússia
56%
F França
55%
T Tuvalu
53%
D Dominica
50%
P Portugal
50%
V Vietnã
50%
C Cuba
45%
H Hungria
44%
G Guiné Equatorial
40%
I Itália
40%
E Etiópia
39%
L Luxemburgo
39%
S Suriname
37%
N Nova Zelândia
31%
M Montenegro
28%
Nenhum quiz correspondente encontrado
Distribuição das Pontuações
Porcentagem de Pessoas com Cada Pontuação
Percentil de Números Respondidos
Sua Pontuação Histórica
Você não jogou esse quiz desde o último reset